000 01377cam a2200253 4500
001 ABS65397
008 020417n2002 000 0 eng u
035 _a(Sirsi) u117539
100 _aNorwood, G
245 _aWho will get hit?
260 _c2002
490 _aEstates Gazette
_v(0214) 6 April 2002, 110-111(2)
520 _aReview of the strongest residential and commercial property websites according to research by international internet monitoring firm Hitwise and finance marketing company Lunesdale. Hitwise has started to produce regular reports into the 'audience share' of residential property websites, ranking Vebra.com as number one in its top 20 list according to number of visits. Lunesdale investigated the accuracy and reliability of property selling on the internet and found that many property portals contain inaccurate and out-of-date information. The website Find-A-Property performed well in the Lunesdale survey. Article concludes with discussion of commercial property websites which tend to be of higher quality. Table. Graph.
590 _aABS
650 _aWEBSITES
650 _aRESIDENTIAL PROPERTY
_96266
650 _aPROPERTY-COMMERCIAL PROPERTY
650 _aPROPERTY INFORMATION
650 _aINTERNET PORTALS
650 _aHITWISE
650 _aLUNESDALE
690 _aINFORMATION TECHNOLOGY-INTERNET
942 _n0
999 _c69998
_d69998